UBT Library

Financial accounting / (Record no. 42161)

000 -LEADER
fixed length control field 00671cam a22002414a 4500
001 - CONTROL NUMBER
control field 12941068
005 - DATE AND TIME OF LATEST TRANSACTION
control field 20180208081317.0
008 - FIXED-LENGTH DATA ELEMENTS--GENERAL INFORMATION
fixed length control field 020923s2004 ohua 001 0 eng
010 ## - LIBRARY OF CONGRESS CONTROL NUMBER
LC control number 2002113505
020 ## - INTERNATIONAL STANDARD BOOK NUMBER
International Standard Book Number 0324180756
035 ## - SYSTEM CONTROL NUMBER
System control number (DLC) 2002113505
040 ## - CATALOGING SOURCE
Original cataloging agency DLC
Transcribing agency DLC
Modifying agency DLC
041 ## - LANGUAGE CODE
Language code of text/sound track or separate title eng
042 ## - AUTHENTICATION CODE
Authentication code pcc
080 ## - UNIVERSAL DECIMAL CLASSIFICATION NUMBER
Universal Decimal Classification number 657 ANT
082 00 - DEWEY DECIMAL CLASSIFICATION NUMBER
Classification number 657 ANT
Edition number 22
100 1# - Rafti
Rafti 61
101 ## - Shkurtesa
Shkurtesa KF
245 10 - TITLE STATEMENT
Title Financial accounting /
Statement of responsibility, etc Rick Antle, Stanley J. Garstka.
906 ## - LOCAL DATA ELEMENT F, LDF (RLIN)
a 0
b ibc
c orignew
d 3
e epcn
f 20
g y-gencatlg
942 ## - ADDED ENTRY ELEMENTS (KOHA)
Source of classification or shelving scheme
Item type Books
Holdings
Withdrawn status Lost status Source of classification or shelving scheme Damaged status Not for loan Collection code Permanent location Current location Shelving location Date acquired Total Checkouts Full call number Barcode Date last seen Price effective from Koha item type
          Koleksioni i përgjithshem UBT - Lipjan UBT - Lipjan Koleksioni i përgjithshem 02/08/2018   657 ANT 002-2998887 02/08/2018 02/08/2018 Books
UBT Library © 2015-2024. All rights reserved University Education for Business and Technology